| 000 | 00324nam a2200121Ia 4500 | ||
|---|---|---|---|
| 005 | 20251222143301.0 | ||
| 008 | 251222s9999||||xx |||||||||||||| ||spa|| | ||
| 082 | _a370.732/S26/Ej.2 | ||
| 100 | _aSarmiento, Martín Fray | ||
| 245 | 0 | _aLa Educación de la Niñez y de la Juventud | |
| 264 | _bBiblioteca Nueva | ||
| 942 | _cLIB | ||
| 999 |
_c15328 _d15328 |
||